Figure Out The Lyrics: Made in the A.M. XIII Quiz Stats

 Plays Quiz not verified by Sporcle

Score 0/294 Timer 10:00
0 Plays Today
% Correct
I
97.2%
I
97.2%
I
97.2%
I
97.2%
I
97.2%
I
97.2%
I
97.2%
I
97.2%
I
97.2%
I
97.2%
I
97.2%
I
97.2%
I
97.2%
I
97.2%
I
97.2%
I
97.2%
I
97.2%
I
97.2%
I
97.2%
I
97.2%
I
97.2%
I
97.2%
I
97.2%
I
97.2%
I
97.2%
I
97.2%
I
97.2%
I
97.2%
a
93.7%
you
92.6%
you
92.6%
you
92.6%
you
92.6%
you
92.6%
you,
92.6%
you
92.6%
you
92.6%
you
92.6%
you
92.6%
you
92.6%
you
92.6%
you
92.6%
you
92.6%
you
92.6%
you
92.6%
you
92.6%
you
92.6%
you
92.6%
you
92.6%
you
92.6%
you
92.6%
You
92.6%
you
92.6%
you
92.6%
you
92.6%
you
92.6%
you
92.6%
you
92.6%
the
89.1%
the
89.1%
The
89.1%
the
89.1%
the
89.1%
The
89.1%
the
89.1%
the
89.1%
the
89.1%
The
89.1%
the
89.1%
me
87.5%
in
87.5%
me
87.5%
me?
87.5%
in
87.5%
me
87.5%
me
87.5%
me
87.5%
me?
87.5%
in
87.5%
me
87.5%
me
87.5%
in
87.5%
in
87.5%
me
87.5%
me
87.5%
me
87.5%
love
86.6%
love
86.6%
love
86.6%
love,
86.6%
love,
86.6%
love
86.6%
love
86.6%
love
86.6%
love,
86.6%
love,
86.6%
love
86.6%
love
86.6%
% Correct
love
86.6%
Olivia
85.2%
Olivia
85.2%
Olivia
85.2%
Olivia
85.2%
Olivia
85.2%
Olivia
85.2%
Olivia
85.2%
Olivia
85.2%
Olivia
85.2%
Olivia
85.2%
Olivia
85.2%
And
85.1%
and
85.1%
and
85.1%
and
85.1%
and
85.1%
and
85.1%
your
84.5%
your
84.5%
your
84.5%
your
84.5%
your
84.5%
be
84%
to
84%
to
84%
be
84%
to
84%
to
84%
do
84%
for
83.1%
for
83.1%
for
83.1%
for
83.1%
for
83.1%
for
83.1%
for
83.1%
for
83.1%
for
83.1%
for
83.1%
for
83.1%
for
83.1%
go
82.4%
go
82.4%
go
82.4%
go
82.4%
go
82.4%
go
82.4%
go
82.4%
go
82.4%
we
81.4%
long
81.4%
long
81.4%
long
81.4%
long
81.4%
long
81.4%
long
81.4%
don't
81%
Don't
81%
Don't
81%
don't
81%
Don't
81%
Don't
81%
Don't
81%
Don't
81%
Don't
81%
live
80.8%
live
80.8%
live
80.8%
live
80.8%
live
80.8%
live
80.8%
live
80.8%
my
80%
my
80%
When
79.4%
when
79.4%
When
79.4%
I'd
79.1%
on
79.1%
you're
79.1%
you're
79.1%
of
78.9%
it
78.9%
of
78.9%
I've
78.9%
it
78.9%
I've
78.9%
of
78.9%
I've
78.9%
I've
78.9%
all
78.7%
I'm
78.7%
I'm
78.7%
I'm
78.7%
I'm
78.7%
all
78.7%
all
78.7%
% Correct
let
78.4%
let
78.4%
let
78.4%
let
78.4%
let
78.4%
let
78.4%
let
78.4%
is
77.3%
eyes
77%
eyes
77%
eyes
77%
were
76.8%
were
76.8%
with
76.8%
with
76.8%
Say
76.4%
say
76.4%
see
76.3%
see
76.3%
been
75.7%
been
75.7%
been
75.7%
been
75.7%
Remember
75.4%
day
75.2%
Oh
75.2%
Oh
75.2%
what
74.9%
up
74.5%
light
74.5%
light
74.5%
light
74.5%
things
74%
things
74%
told
73.5%
enough
73.3%
friends
72.9%
Please
72.8%
Please
72.8%
leaving
72.1%
giving
71.9%
This
71.9%
believe
71.9%
believe
71.9%
t-shirt
71.7%
saying
71.5%
give
71.2%
mean
71.2%
mean
71.2%
bed
71%
didn't
70.8%
now
70.8%
out
69.8%
out
69.8%
out
69.8%
lying
69.2%
Cause
69.1%
feeling
68.5%
feeling
68.5%
got
68.2%
walking
68%
bleeding
67.8%
wine,
67.7%
red
67.3%
not
66.1%
isn't
65.7%
stain
65.4%
time
65.4%
idolizing
65.2%
idolizing
65.2%
idolizing
65.2%
creation
65%
belong
64.9%
butterflies
64.7%
about
63.8%
about
63.8%
imagination
63.8%
alone
63.6%
seeing
63.4%
She's
63.3%
are
63.1%
are
63.1%
wrong
62.9%
summertime
62.9%
thinking
61.5%
irrelevant
60.6%
how
57.8%
Just
57.6%
consequences
56.1%
went
55.5%
crying
55.4%
that's
55%
these
54%
falling
53.3%
reasons
52.4%
something
52%
having
45.5%
nightmares
44.6%

You're not logged in!

Compare scores with friends on all Sporcle quizzes.
OR
Log In

Sporcle TV

Today on Sporcle TV


Watch our educational content, quiz creation guides, and fun videos on Sporcle TV.

Show Comments

Extras

Top Quizzes Today


Score Distribution

Your Account Isn't Verified!

In order to create a playlist on Sporcle, you need to verify the email address you used during registration. Go to your Sporcle Settings to finish the process.

Report this User

Report this user for behavior that violates our Community Guidelines.

Details: